00597nam a2200157 4500008004100000082001500041245008700056260005200143650003800195650002700233700002400260700003700284942000700321952009600328999001500424240309b |||||||| |||| 00| 0 eng d a305.4bCON aConvention on the elimination of all forms of discrimination against women (CEDAW) aColombo:bUnited Nations Population Fund,c2010 aLAWS-Discrimination against women aViolence against women aDaluwatte, Sharmila aMuthukumarage, Damayanthieills. cRP 00102ddc4070aMAINbMAINd2024-03-09l0o.305.4 CONpRAF5193r2024-03-09w2024-03-09yRP c4853d4853